| 000 | 00332nam a22001337a 4500 | ||
|---|---|---|---|
| 020 | _a9789381450444 | ||
| 082 |
_a637.0 _bTHO/QU |
||
| 100 |
_aThompkinson, D.K _9330 |
||
| 245 | _aQuality Assessment of Milk and Milk Products | ||
| 250 | _a1 | ||
| 260 |
_aNew Delhi _bNew India Publishing Agency _c2012 |
||
| 300 | _a242 | ||
| 942 | _cBK | ||
| 999 |
_c14260 _d14260 |
||